00386nam a2200145Ia 4500008004100000020001500041041001200056082001600068100001600084245007200100250000800172260003700180300000800217650001500225221030s9999 xx 000 0 und d a8129704129 aEnglish a105.23bJon aG. R. Jones 0aOrganizational Theory, Design & Change Text & Casescby G. R. Jones a4th bPearson EducationaDelhic2004 a592 aManagement